000 00450nam a2200181Ia 4500
001 21417
005 20260306172917.0
008 260306t1996||||xx |||||||||||||| ||spa||
041 _aESP
082 _a344.83E
_bB91
100 _aBullard González, Alfredo
_eAUT
245 0 _aEstudios de análisis económico del derecho
260 _c1996
300 _a429 páginas :
_c20 cm.
650 _aGEN
654 _aCDE
942 _cLIB
_dJUS
_fJUS
_2ddc
_n
999 _c21417
_d21417